| 000 | 02596nam a2200325 a 4500 | ||
|---|---|---|---|
| 003 | OSt | ||
| 005 | 20240408090801.0 | ||
| 008 | 240405s2023 us a|||| |||| 001 0 spa d | ||
| 020 | _a[9798392093619] | ||
| 040 |
_cCHAP _erda |
||
| 082 | 0 | 0 |
_222 _a674.02 _bL76 |
| 100 | 1 |
_967049 _aLira González, Diego Ernesto |
|
| 245 | 1 | 0 |
_aTécnicas y prácticas para el mejoramiento del coeficiente de aserrío : _bmanual operativo / _cpor Diego Ernesto Lira González, David García Cintora y Walter Daniel Maza Ochoa. |
| 250 | _aPrimera edición. | ||
| 264 | 1 |
_a[Columbia, SC. Estados Unidos] : _bGFA Consulting Group GmbH : _bFIRA, _c2023. |
|
| 300 |
_ax, 190 páginas: _bcuadros, figuras. |
||
| 336 |
_2rdacontent _atexto _btxt |
||
| 337 |
_2rdamedia _asin medio _bn |
||
| 338 |
_2rdacarrier _avolumen _bnc |
||
| 504 | _aIncluye referencias bibliográficas páginas : 166-171. | ||
| 520 | _aTécnicas y prácticas para el mejoramiento del coeficiente de aserrío es un manual especializado y diseñado para ayudar a las empresas de transformacón maderable a mejorar su eficiencia y productividad en la industria del aserrío. Este compendio ofrece una guía paso a paso sobre los diferentes tipos de coeficientes de aserrío, destacando su importancia y proporcionando las mejores prácticas para su implementacón. Desde el análisis de las técnicas de cubicación hasta la determinación del tamaño de muestra adecuada, el manual brinda herramientas prácticas para cuantificar la madera y evitar posibles errores en el oroceso de aserrío. Ademas se hace énfasis en la recopilación y precisa de información y se promueve prácticas responsables en el uso de los recursos forestales maderables. Al dominar las técnicas y conceptos presentados en este manual, los productores de madera aserrada podrán tomar decisiones informadas que impacten positivamente en la competitividad y sostenibilidad de sus operaciones, estableciendo un sistema de monitoreo y control que cumpla con la normatividad vigente en el país. Este manual se convierte en una herramienta indispensable para aquellos que buscan mejorar su desempeño en la industria del aserrío y obtener ventajas competitivas en un entorno desafiante. | ||
| 650 | 4 |
_969628 _aMadera _xTablas de utilización |
|
| 650 | 7 |
_969599 _aMadera _xCubicación |
|
| 650 | 4 |
_9132126 _aMadera _xCorte _xEvaluación |
|
| 650 | 4 |
_9131461 _aAserraderos _xControl de calidad |
|
| 650 | 4 |
_971216 _aMaquinaria forestal _xMedidas de seguridad |
|
| 700 | 1 |
_945867 _aGarcía Cíntora, David |
|
| 700 | 1 |
_9188922 _aMaza Ochoa, Walter Daniel |
|
| 942 |
_2ddc _cLIBRO |
||
| 999 |
_c219835 _d219835 |
||